Πόλεμος και βιντεοπαιχνίδια : από τον Σουν Τζου στο XBox
Αποθηκεύτηκε σε:
| Κύριος συγγραφέας: | |
|---|---|
| Μορφή: | Βιβλίο |
| Γλώσσα: | Greek English |
| Δημοσίευση: |
Αθήνα :
Scripta,
2008.
|
| Σειρά: | Πολιτισμική θεωρία - Κριτική (Scripta)
|
| Θέματα: | |
| Ετικέτες: |
Προσθήκη ετικέτας
Δεν υπάρχουν, Καταχωρήστε ετικέτα πρώτοι!
|
MARC
| LEADER | 00000cam a2200000 i 4500 | ||
|---|---|---|---|
| 001 | 1/29070 | ||
| 008 | 130425s2008 gr | ||| |||| ||gre|| | ||
| 020 | |a 9789607909848 | ||
| 035 | |l 10114310 | ||
| 040 | |a GR-MY-UA |b gre |e aacr | ||
| 041 | 1 | |a gre |h eng | |
| 082 | 7 | |a 793.920285 |2 (22) | |
| 100 | 1 | |a Halter, Ed. | |
| 245 | 1 | 0 | |a Πόλεμος και βιντεοπαιχνίδια : |b από τον Σουν Τζου στο XBox / |c Ed Halter ; μετάφραση: Νεκτάριος Καλαϊτζής. |
| 260 | |a Αθήνα : |b Scripta, |c 2008. | ||
| 300 | |a 443 σ. ; |c 21 εκ. | ||
| 490 | 1 | |a (Πολιτισμική θεωρία - Κριτική / Scripta) | |
| 500 | |a Τίτλος πρωτοτύπου: From Sun Tzu to XBox: war and video games. | ||
| 504 | |a Περιλαμβάνει ευρετήριο. | ||
| 650 | 0 | 0 | |a Computer war games. |
| 650 | 0 | 0 | |a War games |x History. |
| 650 | 0 | 0 | |a Video games. |
| 650 | 0 | 0 | |a Popular culture. |
| 830 | 0 | |a Πολιτισμική θεωρία - Κριτική (Scripta) | |
| 852 | |a INST |b SYROS |e 20130425 |h 793.920285 HAL |p 005500010703 |q 005500010703 |t BK |y 0 | ||
| 901 | |a BIBL5-2013-1 | ||
| 909 | |a Ε |b 174202 | ||
| 970 | |a ΚΟΝΤΟΥ |b ΠΑΡΑΣΚΕΥΗ |z 2013/04/25 | ||